Dôstojná inštitúcia v meste a v budove s bohatou históriou

Pobočka NBS v Banskej Bystrici. Rekonštrukcia budovy. Nová organizačná štruktúra. Činnosť banky, doškoľovanie v odbornej a jazykovej oblasti, preberanie skúseností, využívanie výpočtovej techniky, organizovanie medzinárodnej výstavy finančníctva, bankovníctva a poisťovníctva FINEX.

Gespeichert in:
Bibliographische Detailangaben
1. Verfasser: Kreutz, J.
Format: Buchkapitel
Sprache:Slowakisch
Schlagworte:
Tags: Tag hinzufügen
Keine Tags, Fügen Sie das erste Tag hinzu!

MARC

LEADER 00000naa a2200000 4500
001 r015840
005 20221205085845.0
041 0 |a slo 
044 |a SK 
245 1 0 |a Dôstojná inštitúcia v meste a v budove s bohatou históriou  |c J. Kreutz 
520 |a Pobočka NBS v Banskej Bystrici. Rekonštrukcia budovy. Nová organizačná štruktúra. Činnosť banky, doškoľovanie v odbornej a jazykovej oblasti, preberanie skúseností, využívanie výpočtovej techniky, organizovanie medzinárodnej výstavy finančníctva, bankovníctva a poisťovníctva FINEX. 
610 2 0 |a banky emisné 
610 2 0 |a NBS Banská Bystrica 
610 2 0 |a Slovensko 
100 1 |a Kreutz, J.